Sustainable design through process integration : (Record no. 20179)
[ view plain ]
| 000 -LEADER | |
|---|---|
| fixed length control field | 01841cam a22002655a 4500 |
| 001 - CONTROL NUMBER | |
| control field | 16843835 |
| 005 - DATE AND TIME OF LATEST TRANSACTION | |
| control field | 20151102145234.0 |
| 008 - FIXED-LENGTH DATA ELEMENTS--GENERAL INFORMATION | |
| fixed length control field | 110625t2012 maua frb 001 0 eng d |
| 020 ## - INTERNATIONAL STANDARD BOOK NUMBER | |
| International Standard Book Number | 9781856177443 (hardback) |
| 020 ## - INTERNATIONAL STANDARD BOOK NUMBER | |
| International Standard Book Number | 1856177440 (hardback) |
| 040 ## - CATALOGING SOURCE | |
| Original cataloging agency | DLC |
| Transcribing agency | DLC |
| Modifying agency | YDX |
| -- | BTCTA |
| -- | YDXCP |
| -- | DEBBG |
| -- | BWX |
| -- | CDX |
| -- | DLC |
| -- | EG-ScBUE |
| Language of cataloging | eng |
| 082 04 - DEWEY DECIMAL CLASSIFICATION NUMBER | |
| Classification number | 660.28 |
| Edition number | 22 |
| Item number | ELH |
| 100 1# - MAIN ENTRY--PERSONAL NAME | |
| Personal name | El-Halwagi, Mahmoud M., |
| Dates associated with a name | 1962- |
| 9 (RLIN) | 38628 |
| 245 10 - TITLE STATEMENT | |
| Title | Sustainable design through process integration : |
| Remainder of title | fundamentals and applications to industrial pollution prevention, resource conservation, and profitability enhancement / |
| Statement of responsibility, etc | Mahmoud M. El-Halwagi. |
| 260 ## - PUBLICATION, DISTRIBUTION, ETC. (IMPRINT) | |
| Place of publication, distribution, etc | Waltham ; |
| -- | Oxford : |
| Name of publisher, distributor, etc | Butterworth-Heinemann / Elsevier, |
| Date of publication, distribution, etc | c.2012. |
| 300 ## - PHYSICAL DESCRIPTION | |
| Extent | xi, 422 p. : |
| Other physical details | ill. ; |
| Dimensions | 29 cm. |
| 500 ## - GENERAL NOTE | |
| General note | Index : p. 415-422.<br/> |
| 504 ## - BIBLIOGRAPHY, ETC. NOTE | |
| Bibliography, etc | Includes bibliographical references. |
| 505 8# - FORMATTED CONTENTS NOTE | |
| Formatted contents note | Machine generated contents note: Introduction to Sustainability and Pollution Prevention: Metrics and Approaches; Overview of Process Integration; Overall Targeting of Mass Usage and Discharge; Design of Recycle/Reuse Networks; Synthesis of Physical Mass-Exchange Networks; Synthesis of Reactive Mass-Exchange Networks; Synthesis of Membrane Separation Systems; Green Chemistry; Combined Mass Integration Techniques; Synthesis of Heat Exchange Networks; Design of Combined Heat and Power Systems; Sustainable Process and Product Design; Integrated Approaches to the Reduction of Greenhouse Gases; Life Cycle Analysis; Process Integration as an Enabling Tool to Environmental Impact Assessment; Design of Biofuel Production Systems and Integrated Biorefineries; Optimization Approaches to Sustainable Design. |
| 650 #7 - SUBJECT ADDED ENTRY--TOPICAL TERM | |
| Topical term or geographic name as entry element | Chemical processes. |
| Source of heading or term | BUEsh |
| 9 (RLIN) | 5532 |
| 650 #0 - SUBJECT ADDED ENTRY--TOPICAL TERM | |
| Topical term or geographic name as entry element | Sustainable engineering. |
| Source of heading or term | BUEsh |
| 651 ## - SUBJECT ADDED ENTRY--GEOGRAPHIC NAME | |
| Source of heading or term | BUEsh |
| 653 ## - INDEX TERM--UNCONTROLLED | |
| Resource For college | Engineering, Chemical |
| Arrived date list | July2015 |
| -- | November2015 |
| 942 ## - ADDED ENTRY ELEMENTS (KOHA) | |
| Source of classification or shelving scheme | Dewey Decimal Classification |
| Withdrawn status | Lost status | Source of classification or shelving scheme | Damaged status | Not for loan | Koha collection | Home library | Current library | Shelving location | Date acquired | Source of acquisition | Cost, normal purchase price | Serial Enumeration / chronology | Total Checkouts | Total Renewals | Full call number | Barcode | Date last seen | Date last borrowed | Cost, replacement price | Koha item type |
|---|---|---|---|---|---|---|---|---|---|---|---|---|---|---|---|---|---|---|---|---|
| Dewey Decimal Classification | Baccah | Central Library | Central Library | First floor | 05/07/2015 | Purchase | 675.00 | 22696 | 2 | 9 | 660.28 ELH | 000039338 | 15/07/2025 | 29/12/2019 | 844.00 | Book - Borrowing |